| 000 | 00484nam a22001817a 4500 | ||
|---|---|---|---|
| 005 | 20251108173507.0 | ||
| 008 | 250721s2001 xx 000 0 eng d | ||
| 020 | _a689832370 | ||
| 082 | 1 | 4 | _aJ/372.21/LUT |
| 100 | 1 | _aLuthardt, Kevin | |
| 245 | 1 | 0 | _aMine ! / |
| 264 | 1 |
_aNew York : _bAtheneum Books for Young Readers, _c2001. |
|
| 300 | _a25p. | ||
| 650 | 1 | 7 | _aFICTION |
| 653 | _aاطفال ما قبل المدرسه (0-5) سنوات | ||
| 942 |
_2ddc _cBK |
||
| 999 |
_c105219 _d105219 |
||